00425nam a2200121Ia 450000500170000000800410001708200130005824500370007126000330010830000180014150001220015970000220028120250219025706.0240331s9999 xx 000 0 und d bMAHa954 4aThe Mahavamsa :bchapters VII-XI aSri LankabAnula Pressc1958 aViii, 80 p ., aThe five chapters of the Mahavamsa edited in this book have been prescribed for the General Certificate in Education. aPannila, C. eedt